[Event "RUS-chT Blitz Men 2018"]
[Site "Sochi"]
[Date "2018.10.10"]
[Round "6"]
[White "Vastrukhin, Oleg"]
[Black "Shcherbakov, Ruslan"]
[Result "0-1"]
[WhiteElo "2413"]
[BlackElo "2516"]
[Annotator "TA"]
[PlyCount "111"]
[EventDate "2018.10.10"]
[EventType "swiss"]
[EventCountry "RUS"]
[SourceTitle "playchess.com"]
[Source "ChessBase"]
[SourceQuality "1"]

{[%evp 12,111,19,19,11,9,23,17,18,0,-4,-38,20,-51,7,-37,24,10,15,11,41,41,52,31,34,6,79,81,68,68,103,-89,-79,-254,-237,-403,-406,-502,-516,-507,-498,-496,-483,-516,-384,-404,-243,-457,-442,-536,-270,-444,-430,-419,-342,-335,-307,-518,-462,-488,-506,-505,-485,-500,-496,-666,-666,-647,-660,-643,-625,-699,-684,-1950,-521,-529,-527,-521,-521,-519,-509,-530,-527,-706,-643,-1121,-614,-804,-798,-784,-685,-782,-780,-758,-758,-1999,-1652,-1379,-1377,-4635,-3540,-1314]} 1. Nf3 Nf6 2. g3 b5 3. Bg2 Bb7 4. O-O e6 5. d3 c5 6. Nbd2 d6 7. e4 Nbd7 {A05: Réti Opening: 1 Nf3 Nf6} 8. Re1 Be7 9. a4 a6 {The position is equal.} 10. h3 $146 ({Predecessor:} 10. Nf1 O-O 11. h4 c4 12. Ne3 cxd3 13. cxd3 Nc5 14. a5 Rc8 15. Nh2 {1-0 (43) Hausrath,D (2503)-Fedorchuk,S (2635) Berlin 2015}) 10... O-O 11. g4 Ne5 (11... h6 $15) 12. Nf1 (12. Nxe5 $11 dxe5 13. g5) 12... Re8 (12... Ng6 $15) 13. Ng3 Bf8 (13... Nxf3+ $15 14. Bxf3 b4) 14. g5 {[#] aiming for Nxe5.} Nfd7 15. h4 g6 16. Nh2 Bg7 17. f4 Nc6 {[%cal Be5c6,Bc6d4,Bd4c2][%mdl 32]} 18. Ng4 c4 (18... h5 $11 19. Ne3 b4) 19. dxc4 $16 bxc4 20. Qxd6 Nd4 21. Rd1 $2 (21. Nh6+ $16 Bxh6 22. Qxd4) 21... Nxc2 $17 22. Qxd7 $2 (22. Rb1 $17 {keeps fighting.} Nc5 23. Ne5) 22... Qb6+ $19 ({Don't play} 22... Nxa1 23. e5 $17) 23. Kh2 $2 (23. Nf2 {is a better defense.} Nxa1 24. Rd6) 23... Rad8 24. a5 Rxd7 25. axb6 Rxd1 26. Rb1 Red8 27. h5 Ne1 28. Ne3 R1d3 29. Nxc4 $2 (29. Bf1) 29... Nxg2 30. Kxg2 Rd1 31. h6 $2 (31. Na5 R8d7 32. Kf3) 31... Bd4 32. Kf3 f5 33. gxf6 Bxf6 34. Na3 $2 (34. Na5 {might work better.} Rb8 35. Nxb7 Rxb7 36. e5) 34... Rc8 {Black is clearly winning.} 35. Be3 Rxb1 36. Nxb1 Bxb2 37. Bd2 Rc6 38. Ba5 Rc5 39. Bd2 a5 40. Ne2 a4 41. Ke3 a3 {[#] Strongly threatening ...a2.} 42. Bb4 Rc4 (42... a2 $142 43. Na3 a1=Q 44. Bxc5 Bxa3 45. Bxa3 Qxa3+ 46. Kd2 Ba6) 43. Bxa3 Rxe4+ 44. Kd2 Bxa3 45. Nxa3 {[%mdl 4096] Endgame KRB-KNN} Rb4 46. Nc3 Rxb6 47. Nc4 Rb4 48. Nd6 Kf8 49. Ke3 Ke7 50. Ndb5 Rb3 51. Kd2 Rb2+ 52. Ke3 Rh2 53. Ne2 Ba6 54. Nbd4 Bxe2 55. Nxe2 Rxh6 56. Kd4 {Precision: White = 25%, Black = 50%.} 0-1

[Event "RUS-chT Blitz Men 2018"]
[Site "Sochi"]
[Date "2018.10.10"]
[Round "6"]
[White "Nechaev, Oleg"]
[Black "Girshgorn, Leonid"]
[Result "0-1"]
[WhiteElo "2400"]
[BlackElo "1925"]
[Annotator "TA"]
[PlyCount "90"]
[EventDate "2018.10.10"]
[EventType "swiss"]
[EventCountry "RUS"]
[SourceTitle "playchess.com"]
[Source "ChessBase"]
[SourceQuality "1"]

{[%evp 19,90,61,59,45,72,51,70,41,86,68,71,46,126,89,67,76,114,116,144,136,148,135,179,136,111,108,111,37,133,-92,-82,-116,0,-25,42,25,75,-220,-230,-313,-16,-133,-50,-52,130,127,337,166,282,267,29988,604,641,-114,3,0,178,-1669,-356,-348,-342,-1249,-1195,-29990,-806,-29995,-29996,-29996,-29997,-29997,-29998,-29998,-29999]} 1. d4 Nf6 2. Bg5 Ne4 3. Bf4 c5 4. f3 Qa5+ 5. c3 Nf6 6. d5 d6 7. e4 g6 8. Na3 Bg7 {A45: Trompowsky Attack} 9. Nc4 Qc7 (9... Qd8 10. a4 O-O 11. Bd3 Nbd7 12. Ne2 Nh5 13. Bg5 h6 14. Be3 Kh7 15. h4 Nhf6 16. h5 Ne5 17. Nxe5 dxe5 18. hxg6+ fxg6 {1-0 (39) Khismatullin,D (2617)-Moiseenko,V (2528) St Petersburg 2016}) 10. a4 O-O {LiveBook: 5 Games. White is slightly better.} 11. Ne2 b6 $146 ({Predecessor:} 11... Nbd7 12. Qd2 Rb8 13. Ng3 Rd8 14. Be2 b6 15. O-O a6 16. b4 Ne5 {1-0 (45) Calderin,R (2345)-Pazos Gambarrotti,P (2330) Manzanillo 1991}) 12. Ng3 h5 13. Bd3 h4 14. Ne2 Nbd7 15. O-O Bb7 ({Black should play} 15... Ne5 $14) 16. Qe1 h3 17. g4 a6 18. Qh4 b5 19. Ne3 c4 20. Bc2 e6 {[%cal Re6d5]} 21. dxe6 (21. Qxh3 exd5 22. Bh6 dxe4 $11) 21... fxe6 22. Rad1 Qc5 23. Kh1 (23. Rf2 $1 $16) 23... Nh7 (23... Rf7 $14) 24. Qf2 $2 (24. Qxh3 Rxf4 25. Nxf4 Qxe3 $11) (24. Rxd6 g5 $15) (24. Qe7 $16 {keeps the pressure on.} e5 25. Qxd7 (25. Rxd6 exf4 26. Rxd7 Qxe7 $15) 25... exf4 26. Qxb7 fxe3 27. e5 $1 {[%mdl 512]}) 24... Ne5 $1 $17 25. g5 {[#]} Rf7 (25... Nd3 $1 $17 {[%cal Rd3f2][%mdl 512]} 26. Bxd3 cxd3 27. Rxd3 e5) 26. Nd4 Qc8 (26... Re8 $11 27. Qg3 b4) 27. Qg3 $36 {[%mdl 2048] Black is under pressure.} Qd7 28. Rd2 $2 {[%mdl 8192]} (28. Bxe5 $16 Bxe5 29. f4 Rxf4 30. Rxf4 Bxf4 31. Qxf4) 28... Raf8 $19 (28... bxa4 29. Ne2 $11) 29. Ne2 Qe7 $2 (29... Nd3 $1 $19 {[%cal Rd3f4]} 30. Bxd6 Rxf3 31. Rxf3 Rxf3 32. Qxf3 Nxg5 33. Rxd3 (33. Qg3 $2 Nxe4 34. Qxg6 Nxd2+ 35. Kg1 Nf3+ 36. Kf1 Qxd6 $19) 33... Bxe4 34. Qxe4 Nxe4) 30. Rfd1 {[#]} (30. axb5 $11 axb5 31. Ng4) 30... Rxf4 $1 {[%mdl 512]} 31. Nxf4 $15 Nxg5 $2 (31... Qxg5 $15 {stays ahead.} 32. Nxe6 Qxe3 33. Nxf8 Bxf8) 32. Rxd6 $16 Nexf3 $2 (32... Qf6 $16 {was called for.}) 33. Rd7 (33. Nxg6 $142 Qf7 34. Nxf8 Nxe4 35. Bxe4 Bxe4 36. Rxe6 Ng5+ 37. Kg1 (37. Rxe4 Nxe4 38. Qxg7+ Qxg7 $19) 37... Nf3+ 38. Kf2 Nxh2+ 39. Ke2 Bf3+ 40. Kd2 Bxd1 41. Qxh3 (41. Kxd1 Qf3+ 42. Qxf3 Nxf3 $16) 41... Bxa4 42. Qxh2) 33... Qc5 (33... Qf6 {is a better defense.}) 34. Ng4 $1 $18 (34. Rxb7 Be5 $16) 34... Nxe4 $2 {[#]} (34... Bc6 $18) 35. Bxe4 (35. Nh6+ $142 $1 {[%mdl 512]} Kh8 (35... Bxh6 36. Qxg6+) 36. Nxg6+ Kh7 37. Nxf8+ Qxf8 38. Rxb7 Nfg5 39. Rg1 Qf3+ 40. Qxf3) 35... Bxe4 {[#]} 36. Nf2 $2 {[#]} (36. Rxg7+ $1 $18 {[%mdl 512]} Kh8 (36... Kxg7 37. Nxe6+) 37. Nf2 Qxf2 38. Qxf2 Rxf4 39. Re7 (39. Qg3 {leads to mate.} Nd4+ 40. Qf3 Rxf3 41. Rh7+ Kxh7 42. Kg1 Ne2+ 43. Kh1 Rxc3#) 39... Nd2+ 40. Kg1 Rg4+ 41. Qg3 Rxg3+ 42. hxg3 h2+ 43. Kxh2 Nf3+ 44. Kh3) 36... Qe3 (36... Qxf2 $1 $17 {[%mdl 512]} 37. Qxf2 Rxf4) 37. Nxe4 $11 ({Of course not} 37. Rxg7+ Kxg7 38. Nxe6+ Kg8 $17) 37... Qxe4 $2 (37... Qxf4 $11 {and Black has nothing to worry.} 38. Qxf4 Rxf4) 38. Qxh3 $4 {[%mdl 8192]} (38. Qxg6 $18 Qxg6 39. Nxg6) 38... Ng5+ $2 (38... Ne1+ 39. Kg1 Rxf4 40. Rd8+ Bf8 41. Rxf8+ Rxf8) 39. Qg2 $19 Qxf4 ({Don't take} 39... Rxf4 40. axb5 Nf3 41. h3) 40. Rb7 $2 (40. Rg1 Be5 41. Rd2) 40... Ne4 {And now ...Nf2+ would win.} 41. Rdd7 Nf2+ (41... Qc1+ $142 42. Qg1 Nf2+ 43. Kg2 Qg5+ 44. Kf1 Nh3+ 45. Rf7 Qxg1+ 46. Ke2 Rxf7 47. Rxf7 Kxf7 48. Kd2 Bh6+ 49. Ke2 Qf2+ 50. Kd1 Qd2#) 42. Kg1 Qc1+ {Black mates.} 43. Qf1 Nh3+ 44. Kg2 Qxf1+ 45. Kg3 Qf3+ {Precision: White = 25%, Black = 13%.} 0-1

[Event "RUS-chT Blitz Men 2018"]
[Site "Sochi"]
[Date "2018.10.10"]
[Round "6"]
[White "Ozgibcev, Anatoly"]
[Black "Bocharov, Ivan"]
[Result "0-1"]
[WhiteElo "2368"]
[BlackElo "2563"]
[Annotator "TA"]
[PlyCount "128"]
[EventDate "2018.10.10"]
[EventType "swiss"]
[EventCountry "RUS"]
[SourceTitle "playchess.com"]
[Source "ChessBase"]
[SourceQuality "1"]

{[%evp 25,128,-8,-5,-10,-3,-9,0,0,0,0,8,0,0,-9,-9,-9,-9,-9,-9,-8,-10,-7,0,-12,22,-18,4,-228,0,0,8,0,0,0,0,0,0,0,0,0,0,-14,-8,-32,-30,-35,-34,-22,0,0,0,0,0,0,0,0,0,0,0,0,0,0,0,-35,-35,-35,-35,-35,-35,-35,-35,-35,-35,-35,-35,-35,0,-35,-35,-35,-35,-35,-35,-35,-35,-36,-36,-167,-167,-2234,-1636,-1426,-29965,-9064,-6636,-29969,-29972,-29971,-29971,-29956,-29939,-5118,-5114,-2975,-1947]} 1. e4 e5 2. Nf3 Nc6 3. Bc4 Bc5 4. c3 Nf6 5. d4 exd4 6. O-O Nxe4 7. cxd4 d5 8. dxc5 dxc4 9. Qe2 Qd3 10. Re1 f5 11. Nc3 O-O 12. Nxe4 {C56: Two Knights: 4 d4 exd4 5 0-0 Nxe4} fxe4 13. Qxe4 Bf5 {LiveBook: 24 Games} 14. Qxd3 {The position is equal.} cxd3 15. Bd2 Bg4 (15... Rae8 16. Bc3 Bg4 17. Nd2 Be2 18. f3 Ne7 19. Ne4 Nf5 {0-1 (65) Ozgibcev,A (2376)-Shirov,A (2630) Sochi 2017}) 16. Ne5 Nxe5 17. Rxe5 Rae8 $146 ({Predecessor:} 17... Be2 18. Rc1 Rfe8 19. Rxe8+ Rxe8 {½-½ (42) Marik,P-Rehak,M Chrudim 1993}) 18. Rae1 Be2 19. Rxe8 Rxe8 $11 {[%mdl 4096] Endgame KRB-KRB} 20. f3 Kf7 21. Kf2 Ke6 22. Rc1 Kd5 23. Be3 a5 24. Rc3 Re6 25. Bd2 Kd4 {[#] ...Bd1 is the strong threat.} 26. Ra3 $2 (26. b3 $11 {and White has nothing to worry.}) 26... Kxc5 $2 ({Black should play} 26... Bd1 $19 {Threatens to win with ...Re2+.} 27. Kf1 Re2 28. Bc3+ Kc4 29. Rxa5 Bc2) 27. Rxa5+ b5 28. Ra8 Bd1 {Hoping for ...Re2+.} 29. Be3+ Kc6 30. Ra6+ Kd5 31. Rxe6 (31. Ra5 {looks sharper.} Kc6 32. Ra3 Bc2 33. Rc3+ Kd7 34. Rc5) 31... Kxe6 {KB-KB} 32. Ke1 Be2 33. Kd2 Kd5 34. b4 Kc4 35. Bc5 g5 36. Be7 h5 37. a3 g4 38. f4 g3 39. hxg3 Bg4 40. Bf8 Bf5 41. Be7 c6 42. Bd6 Kb3 43. Be7 Kxa3 44. Bd6 Kb3 45. Be7 Kc4 46. Bd6 Kd5 47. Be7 Ke6 48. Bc5 Be4 49. Ke3 Kd5 50. Kd2 Bf5 51. Be7 Ke4 52. Bd6 Bg4 53. Be7 Be2 54. Bd6 Bf1 55. Be7 Bxg2 56. Bd6 (56. f5 $1 $15 Kxf5 57. Kxd3) 56... Bh3 $19 57. Be7 $2 {[#]} (57. f5) 57... Bf5 58. Bd8 Kf3 59. Bh4 Bg6 60. Kd1 Ke3 61. f5 Bxf5 62. Bg5+ Kf3 63. Bh4 c5 64. bxc5 b4 {Precision: White = 44%, Black = 71%.} 0-1

[Event "RUS-chT Blitz Men 2018"]
[Site "Sochi"]
[Date "2018.10.10"]
[Round "6"]
[White "Derjabin, Ilja"]
[Black "Gogolev, Artem"]
[Result "0-1"]
[WhiteElo "2345"]
[BlackElo "2389"]
[Annotator "TA"]
[PlyCount "78"]
[EventDate "2018.10.10"]
[EventType "swiss"]
[EventCountry "RUS"]
[SourceTitle "playchess.com"]
[Source "ChessBase"]
[SourceQuality "1"]

{[%evp 11,78,-27,-16,-24,-13,-17,0,-23,97,62,95,56,97,65,73,91,75,77,100,14,1,12,0,-15,-20,-68,0,25,27,0,0,0,0,-82,51,44,149,132,120,88,158,147,403,368,390,388,604,590,593,580,633,579,555,545,741,552,2288,0,2247,2157,1808,1703,1618,1544,1544,1325,1520,1414,2238]} 1. d4 Nf6 2. c4 e6 3. Nc3 Bb4 4. f3 c5 5. a3 Bxc3+ 6. bxc3 O-O 7. e4 {E24: Nimzo-Indian: Sämisch: Unusual Black 5th moves and 5...c5 sidelines} d6 8. Bd3 Nfd7 (8... Nc6 9. Ne2 b6 10. Bg5 e5 11. d5 Na5 12. Ng3 h6 13. Be3 Re8 14. a4 Nd7 {1-0 (59) Volkov,S (2624)-Neiksans,A (2631) Stockholm 2017}) 9. Ne2 {The position is equal.} f5 (9... Nc6 $11 {remains equal.}) 10. O-O $146 ({Predecessor:} 10. exf5 exf5 11. Bf4 Nf6 12. Qc2 Nh5 13. Bd2 Qh4+ 14. g3 Qe7 15. d5 a6 16. a4 Re8 17. O-O Qf7 18. Rae1 b5 19. cxb5 Qxd5 20. Nf4 Qf7 21. Bc4 {1-0 (21) Babos,C (2200)-Mihok,O Budapest 2002}) 10... Nc6 11. Be3 b6 12. Qc2 {[%cal Re4f5]} Qf6 13. exf5 exf5 {[%cal Be6f5,Bf5g4][%mdl 32]} 14. Nf4 Bb7 15. g4 ({White should play} 15. Nd5 $16 Qf7 16. Bf4) 15... cxd4 $11 16. Nd5 Qh4 17. cxd4 fxg4 18. Bf2 Qg5 (18... Qh5 $1 $15 19. f4 Nf6 20. Nxf6+ Rxf6) 19. Bxh7+ Kh8 20. f4 $36 {[%mdl 2048] White is more active.} Qh6 $1 {[%cal Rh6h7]} 21. Bd3 Nf6 22. Nc7 {[#]} (22. Rae1 $11 {keeps the balance.}) 22... Rac8 (22... g3 $1 $17 23. Bxg3 Nxd4) 23. Ne6 $14 Rfe8 {[#]} (23... Qh3 $1 $14 24. Bg3 Rfe8) 24. Ng5 $1 $16 {[%cal Rg5f7] Black must now prevent Nf7+.} Rf8 25. Rae1 d5 ({Better is} 25... Na5) 26. Bf5 dxc4 $2 {[%mdl 8192]} (26... Ra8 $16 27. cxd5 g3 28. hxg3 Na5) 27. Bxc8 $18 Bxc8 28. Qxc4 Bb7 (28... Bd7 $142 29. d5 Na5) 29. Nf7+ Rxf7 30. Qxf7 Na5 {Threatens to win with ...Qh3.} 31. Re7 Bd5 32. Qf8+ Kh7 33. Rfe1 Nc4 {[#]} 34. Rxg7+ $3 {[%mdl 512]} Qxg7 35. Re7 {White is clearly winning.} Qxe7 36. Qxe7+ Kg6 37. Bh4 Ne4 38. Qd8 Ne3 39. Bf2 Kf5 {[%mdl 32768] Precision: White = 60%, Black = 27%. . Sensor Board Error (Ke4/e5)?} 0-1

[Event "RUS-chT Blitz Men 2018"]
[Site "Sochi"]
[Date "2018.10.10"]
[Round "6"]
[White "Inozemtsev, Sergei"]
[Black "Maletin, Pavel"]
[Result "1-0"]
[WhiteElo "2310"]
[BlackElo "2586"]
[Annotator "TA"]
[PlyCount "103"]
[EventDate "2018.10.10"]
[EventType "swiss"]
[EventCountry "RUS"]
[SourceTitle "playchess.com"]
[Source "ChessBase"]
[SourceQuality "1"]

{[%evp 9,102,34,52,31,37,35,19,25,31,16,51,53,50,40,52,45,43,15,31,0,59,0,34,0,8,-6,-6,0,-8,-86,-37,-171,-175,-437,24,16,24,19,40,14,111,87,127,-9,-18,-10,47,0,33,-10,0,0,0,-25,45,-40,54,55,56,58,47,52,110,68,120,123,128,110,122,37,37,37,78,70,87,67,90,17,17,17,29,0,-3,-29,11,-12,-10,-12,0,0,6212,6212,5743,5743,29999]} 1. e4 e5 2. Nf3 Nc6 3. Bb5 g6 4. O-O Bg7 5. c3 a6 6. Bxc6 {C60: Ruy Lopez: Unusual Black 3rd moves and 3...g6} (6. Ba4 d6 7. d4 exd4 8. cxd4 b5 9. Bb3 Nge7 10. h3 O-O 11. Nc3 Na5 12. Be3 Bb7 13. d5 Nxb3 14. Qxb3 c5 15. dxc6 Nxc6 16. a4 Na5 17. Qb4 Nc6 18. Qb3 Na5 19. Qb4 Nc6 20. Qb3 {½-½ (20) Anton Guijarro,D (2654)-Van Kampen,R (2643) Linares 2017}) 6... dxc6 7. d4 exd4 8. cxd4 {The position is equal.} Ne7 9. h3 O-O 10. Nc3 h6 11. Re1 Be6 $146 ({Predecessor:} 11... Kh7 12. Bf4 f5 13. exf5 Nxf5 14. Be5 Be6 15. Qc2 {½-½ (75) Tirard,H (2452)-Hutois,M (2223) Sables d'Olonne 2016}) 12. Be3 Qd7 13. Na4 b6 14. Rc1 Kh7 (14... g5 $11) 15. b3 (15. Nc3 $14) 15... Rad8 16. Qc2 f5 17. exf5 Bxf5 18. Qe2 Nd5 19. Nb2 (19. Ne5 $11 {keeps the balance.} Bxe5 20. dxe5) 19... Rde8 {And now ...Bxh3! would win.} 20. Nc4 {[#]} (20. Nd3 $15) 20... Nf4 $1 $19 {[%cal Rf4e2][%mdl 512]} 21. Qd2 $2 {[#]} (21. Bxf4 {was forced.} Rxe2 22. Rxe2) 21... Nd3 $2 {[#]} (21... Nxg2 $1 $19 {[%mdl 512]} 22. Nfe5 (22. Kxg2 Bxh3+) 22... Qd5) 22. Nce5 $1 $11 {[%mdl 512]} Nxe5 23. Nxe5 Qd5 24. Nxc6 {Threatening Nb4.} a5 (24... Bxh3 $1 $11 {remains equal.} 25. gxh3 Rf3) 25. Ne5 c5 26. Nc4 (26. f4 $16) 26... cxd4 27. Bf4 g5 (27... Rxe1+ $11 28. Rxe1 b5) 28. Bg3 d3 29. Ne3 Qb5 30. Rc7 Bg6 {[%cal Bf5g6,Bg6f7,Bf7e6][%mdl 32]} 31. Rec1 Qb4 ({Better is} 31... Re6 $11) 32. R1c3 ({Don't play} 32. Qb2 Re7 $17) (32. Qxb4 $14 axb4 33. Bd6) 32... Rf7 ({Black should try} 32... Kh8 $15 33. Rxd3 Bxd3 34. Qxd3 Qd4) 33. Rxf7 $14 Bxf7 34. Rxd3 Qxd2 35. Rxd2 Be6 (35... a4 $14) 36. Bc7 Bc3 (36... a4 $1 $14) 37. Rd3 $16 Bb4 38. Bxb6 Rc8 39. a3 (39. Rd1 $16) 39... Rc1+ $14 40. Kh2 Bxa3 41. Bxa5 Rb1 42. Nc4 Bc5 43. Bd2 (43. Kg3 $16) 43... Bxf2 $11 44. Be3 Be1 45. Bd4 h5 46. Re3 Bd5 {Hoping for ...h4.} 47. Nb6 Bxb3 {White should prevent ...h4.} 48. Re7+ Kg6 {White must now prevent ...h4.} 49. Nd7 {Nf8+ is the strong threat.} h4 $2 {[%mdl 8192]} (49... g4 $11 50. hxg4 hxg4) 50. Nf8+ $18 Kf5 51. Re5+ Kf4 52. Ng6# {Precision: White = 25%, Black = 29%.} 1-0

[Event "RUS-chT Blitz Men 2018"]
[Site "Sochi"]
[Date "2018.10.10"]
[Round "6"]
[White "Chos, Alexey"]
[Black "Garifullina, Leya"]
[Result "0-1"]
[WhiteElo "2296"]
[BlackElo "1962"]
[Annotator "TA"]
[PlyCount "128"]
[EventDate "2018.10.10"]
[EventType "swiss"]
[EventCountry "RUS"]
[SourceTitle "playchess.com"]
[Source "ChessBase"]
[SourceQuality "1"]

{[%evp 15,127,-11,0,-25,0,-40,-17,-90,-59,-100,-102,-238,-232,-225,-229,-406,-404,-410,-404,-346,-168,-154,-108,-182,-187,-185,-140,-235,-100,-107,-64,-54,-56,-159,-15,-18,-6,-4,-2,0,-5,-84,-69,-107,-18,-55,-57,-73,-58,-82,-47,-69,-35,-28,-17,-14,0,0,64,-418,-394,-975,-1032,-959,-646,-1258,-1242,-1235,-1237,-1193,-1128,-1547,-1572,-29989,-29984,-29988,-29988,-29990,-29987,-29994,-2391,-29992,-1697,-29988,-1681,-29989,-1912,-29990,-29991,-29991,-29987,-29990,-29984,-29985,-29979,-29991,-29991,-29991,-29992,-29992,-29993,-29994,-29995,-29996,-29997,-29997,-29996,-29997,-29997,-29997,-29998,-29998,-29999,-29999]} 1. Nf3 d5 2. g3 e6 3. Bg2 Nf6 4. O-O Be7 5. d3 O-O 6. Nbd2 c5 7. e4 Nc6 8. c3 Qc7 9. Qe2 {C00: French: Unusual White 2nd moves} (9. Re1 Re8 10. Nf1 b5 11. Bf4 Qb6 12. e5 Nd7 13. h4 a5 14. Ne3 a4 15. Rc1 Ra7 16. d4 cxd4 17. cxd4 {0-1 (54) Oratovsky,M (2452)-Suarez Garcia,C (2472) Elgoibar 2017}) 9... b5 {[%cal Bb7b5,Bb5b4][%mdl 32]} 10. h3 $146 ({Predecessor:} 10. Re1 a5 11. a4 Ba6 12. exd5 exd5 13. axb5 Bxb5 14. c4 Ba6 15. cxd5 Nxd5 16. Ne5 Nd4 {1-0 (42) Martin Macias,D (2104)-Harding,T (2006) Caleta 2016}) 10... b4 11. g4 (11. Re1 $11) 11... Ba6 12. g5 Nh5 13. exd5 (13. Nb3 $17 {was called for.}) 13... Nf4 $19 ({Not} 13... exd5 14. Nb3 $17) 14. Qd1 exd5 15. c4 $2 (15. Nb3 {was the only defense.}) 15... dxc4 16. Nxc4 Nxg2 17. Kxg2 Nd4 (17... Rad8 $142 18. Qe2 Bc8) 18. Nxd4 {[#] aiming for Nf5.} cxd4 19. b3 (19. Qg4 $17) 19... Bb7+ 20. f3 Qc5 21. Re1 (21. Qe1 $17 {was worth a try.}) 21... Rfe8 ({Don't blunder} 21... Bxg5 $2 22. Re5 $18) (21... Rae8 $19 22. a3 bxa3 23. Rxa3 f6) 22. Re5 $17 Qc7 23. Bf4 Qd7 24. Qe2 ({White should play} 24. Qc2 $15) 24... Bf8 (24... f6 $17 25. gxf6 Bxf6) 25. Re1 $11 {[%cal Re5e8]} Rxe5 26. Qxe5 Qc6 27. Qe4 Qa6 $36 {[%mdl 2048] Black is more active.} 28. Qe2 (28. Qxd4 $11 {remains equal.} Qxa2+ 29. Kg3) 28... Qg6 $17 29. Qd2 Qc6 (29... h6 $17 {White must now prevent ...hxg5.} 30. h4 f6) 30. Re4 Qd7 31. Ne5 Qd8 32. Re1 Rc8 33. Nc4 Qd5 34. Qf2 Qf5 35. Qxd4 Bc5 36. Nd6 Qd7 (36... Bxd4 $11 37. Nxf5 Rc2+ 38. Kf1 Rf2+ 39. Kg1 Re2+ 40. Kf1 Rf2+ 41. Kg1 Re2+ 42. Kf1 Rf2+) 37. Qxc5 $4 {[%mdl 8192]} (37. Qe5 $14 {is the one way to stay ahead.} Bxd6 38. Qxd6 Qxd6 39. Bxd6) 37... Rxc5 $19 ({And not} 37... Bxf3+ 38. Kxf3 Rxc5 39. Re8+ Qxe8 40. Nxe8 $14) 38. Nxb7 $2 (38. Re8+ Qxe8 39. Nxe8) 38... Rc2+ 39. Kg3 h5 {[#] ( -> ...Qd4)} 40. gxh6 Qxb7 41. Re8+ Kh7 42. hxg7 Kxg7 43. Be5+ f6 44. Bd6 Kg6 45. Rg8+ Kf7 46. Rh8 Ke6 47. Bf4 Rxa2 (47... Qg7+ $142 48. Kh4 Qxh8+ 49. Kg4 Qg8+ 50. Kh4 Rg2 51. Bh6 Qg3+ 52. Kh5 Qxh3#) 48. Re8+ Kf7 (48... Kf5 $142 49. Bg5 Qc7+ 50. f4 Qc5 51. Kh4 Rh2 52. Re5+ fxe5 53. Kh5 Rxh3+ 54. Bh4 Qf8 55. fxe5 Qh8#) 49. Rh8 Kg7 (49... Qb6 $142 50. Ra8 f5 51. Bb8 Qe3 52. Rxa7+ Rxa7 53. h4 Ra2 54. Ba7 Qe5+ 55. f4 Qg7+ 56. Kf3 Qg2+ 57. Ke3 Qf2#) 50. Rd8 Ra3 (50... Qe7 $142 51. Rg8+ Kxg8 52. Bb8 Qe3 53. Bf4 Qxd3 54. Bc7 Qxb3 55. Bd8 Ra3 56. Kh4 Qxf3 57. Bxf6 Qf4+ 58. Kh5 Rxh3+ 59. Bh4 Rxh4+ 60. Kg6 Rh6#) 51. d4 Rxb3 {Black mates.} 52. d5 a5 53. Rd6 a4 54. Rc6 Rc3 55. Rd6 a3 56. h4 a2 57. h5 a1=Q 58. h6+ Kg6 59. Rd8 Qg1+ 60. Kh4 Qh7 61. d6 Rxf3 62. Rg8+ Qxg8 63. d7 Rxf4+ 64. Kh3 Qe6# {Precision: White = 19%, Black = 37%.} (64... Qb3# $142) 0-1

[Event "RUS-chT Blitz Men 2018"]
[Site "Sochi"]
[Date "2018.10.10"]
[Round "6"]
[White "Alexeev, Alexey"]
[Black "Kharitonov, Egor"]
[Result "1-0"]
[WhiteElo "2287"]
[BlackElo "1686"]
[Annotator "TA"]
[PlyCount "105"]
[EventDate "2018.10.10"]
[EventType "swiss"]
[EventCountry "RUS"]
[SourceTitle "playchess.com"]
[Source "ChessBase"]
[SourceQuality "1"]

{[%evp 14,105,64,68,82,57,251,276,294,291,281,274,297,281,283,223,218,207,297,262,278,215,230,226,238,224,243,221,233,220,285,166,158,110,102,38,44,33,89,58,85,87,147,-308,280,287,354,342,338,242,252,218,365,246,501,479,467,450,935,925,918,894,906,831,877,828,933,1101,1621,1654,1734,1663,1905,1819,1838,1808,1743,1713,1731,1565,29975,29975,29971,29973,29967,29966,29988,29989,29989,29986,29986,29982,29987,29988]} 1. e4 c5 2. Nf3 e6 3. g3 b6 (3... Nc6 4. Bg2 Nf6 5. d3 d6 6. O-O Be7 7. c3 O-O 8. Nbd2 {½-½ (8) Morozevich,A (2656)-Chigaev,M (2593) Cheliabinsk 2018}) 4. Bg2 Bb7 5. Qe2 d6 6. d4 {B40: Sicilian: 2...e6, Unusual lines} cxd4 7. Nxd4 Nf6 8. O-O {LiveBook: 4 Games. White is slightly better.} Be7 9. Rd1 {[#] Strongly threatening e5.} O-O $146 (9... Qc7 $14) ({Predecessor:} 9... Qc7 10. c4 a6 11. Nc3 {1-0 (28) Trindade,S (2325)-Palmeira,E Canela 1987}) 10. e5 $18 Nd5 11. exd6 Bf6 12. c4 Bxd4 13. Rxd4 Nc6 14. Rd1 Nf6 15. Nc3 Qd7 (15... Rb8 $142 16. b3 e5) 16. Bg5 Ne8 17. Rd2 f6 18. Be3 Rc8 19. Rad1 Ne5 {White should prevent ...Bxg2.} 20. b3 Bxg2 21. Kxg2 Rc6 22. f4 (22. f3 $142) 22... Nf7 23. b4 {Hoping for c5.} Rxd6 24. Rxd6 (24. c5 $16 Rxd2 25. Qxd2 (25. Rxd2 Ned6 $16) 25... Qc6+ 26. Kg1) 24... Nexd6 $14 25. c5 $36 {[%mdl 2048] White is more active.} Qb7+ ({Black should play} 25... Rd8 $14) 26. Qf3 Qxf3+ 27. Kxf3 Nc4 (27... bxc5 $142 28. bxc5 Nf5) 28. Rd7 $2 {[%mdl 8192] [#]} (28. c6 $16) 28... Rc8 $4 {[%mdl 8192]} (28... Nce5+ $1 $19 {[%mdl 512] and all is fine.} 29. fxe5 Nxe5+ 30. Ke2 Nxd7) 29. Rxa7 $18 Nxe3 30. Kxe3 bxc5 31. bxc5 {[%mdl 4096] Endgame KRN-KRN} Nd8 32. Ne4 h6 (32... Kf8 {was necessary.} 33. Rd7 Ra8) 33. a4 f5 $2 (33... Nc6 34. Ra6 Kf8) 34. Nd6 Rxc5 35. Ra8 Rc3+ (35... Kh7 $142 36. Rxd8 Ra5) 36. Kd4 Rc1 37. Rxd8+ {KRN-KR} Kh7 38. h4 Ra1 39. Ra8 Rd1+ 40. Kc5 Rd5+ 41. Kc6 Rd3 42. a5 Rxg3 43. a6 Rc3+ 44. Kb6 Rb3+ 45. Nb5 Rb4 46. a7 Rxf4 47. Re8 {White mates.} Ra4 48. a8=Q Rxa8 49. Rxa8 e5 50. h5 e4 51. Rf8 e3 52. Rxf5 e2 53. Re5 {Precision: White = 70%, Black = 21%.} 1-0